| 000 | 01068nas a2200325 4500 | ||
|---|---|---|---|
| 001 | BR2013009108 | ||
| 003 | BR-BrBNA | ||
| 005 | 20231205123224.0 | ||
| 007 | ta | ||
| 008 | 230509b bl.|||p| |||| 00| 00por d | ||
| 040 |
_aBR-BrBNA _bpor _cBiblioteca Nacional de Agricultura |
||
| 041 | _a(Pt) | ||
| 072 | _aP34 | ||
| 100 | 1 | _aFaria, T.M. | |
| 100 | 1 | _aGomes Júnior, F.G. | |
| 100 | 1 | _aSá, M.e. de | |
| 100 | 1 | _aCassiolato, A.M.R. | |
| 245 | 1 | _aEfeitos alelópáticos de extratos vegetais na germinação, colonização micorrízica e crescimento inicial de milho, soja e feijão | |
| 650 | _aMILHETO | ||
| 650 | _aMICORRIZA VESICULAR ARBUSCULAR | ||
| 650 | _aMUCUNA | ||
| 650 | _aALELOPATIA | ||
| 650 | _aBIOLOGIA DO SOLO | ||
| 650 | _aEXTRATO VEGETAL | ||
| 650 | _aCERRADO | ||
| 773 | 0 |
_tRevista Brasileira de Ciência do Solo (Brazil) _xISSN 0100-0683 _g(Nov-Dec 2009), v. 33(6) p. 1625-1633 _wBR2013009108 |
|
| 856 | 4 | 0 | _uhttp://www.scielo.br/pdf/rbcs/v33n6/a11v33n6.pdf |
| 909 |
_a202311 _bLúcia _c55 _dLúcia Elande |
||
| 942 |
_2AGRIS _n0 _cANA |
||
| 999 |
_c232784 _d232784 |
||